000 00553nam a2200217Ia 4500
005 20250508165043.0
008 008 250505s9999 xx 000 0 eng d
020 _a81-248-0000-6
037 _aTextual
040 _aFEDL
_beng
_cFEDL
041 _aeng
_2eng
084 _a823, DIC
_qFEDL
100 _aDickens Charles
245 0 _aDavid Copperfield
260 _aNew Delhi, India
_bPeacock Books
_c1994
300 _avi,938p.
365 _aINR
_b95
546 _aMACESE
942 _cTEXL
_h823, DIC
999 _c1392848
_d1392848